The Bells are Ringing in Haridwar (Record no. 137943)

MARC details
000 -LEADER
fixed length control field 00402nam a22001697a 4500
003 - CONTROL NUMBER IDENTIFIER
control field OSt
005 - DATE AND TIME OF LATEST TRANSACTION
control field 20260417113726.0
008 - FIXED-LENGTH DATA ELEMENTS--GENERAL INFORMATION
fixed length control field 260417b |||||||| |||| 00| 0 eng d
020 ## - INTERNATIONAL STANDARD BOOK NUMBER
International Standard Book Number 978-93-6989-176-4
040 ## - CATALOGING SOURCE
Transcribing agency SBCL
082 ## - DEWEY DECIMAL CLASSIFICATION NUMBER
Classification number 823
Item number MUK-B
100 ## - MAIN ENTRY--PERSONAL NAME
Personal name Mukundan,M
245 ## - TITLE STATEMENT
Title The Bells are Ringing in Haridwar
260 ## - PUBLICATION, DISTRIBUTION, ETC.
Place of publication, distribution, etc. India
Name of publisher, distributor, etc. HarperCollins
Date of publication, distribution, etc. 2026
300 ## - PHYSICAL DESCRIPTION
Extent 221p.
942 ## - ADDED ENTRY ELEMENTS (KOHA)
Koha item type BOOK
Holdings
Withdrawn status Lost status Source of classification or shelving scheme Damaged status Not for loan Collection code Home library Current library Date acquired Total Checkouts Full call number Barcode Shelving location Date last seen Cost, replacement price Price effective from Koha item type
    Dewey Decimal Classification     General Collection SB LIBRARY SB LIBRARY 16/04/2026   823 MUK-B 143337 GENERAL STACK 17/04/2026 399.00 17/04/2026 BOOK

Powered by Koha